| 000 | 01397cad a22002415a 4500 | ||
|---|---|---|---|
| 001 | L141898 | ||
| 008 | 080110s20080107xxk f f000 0 eng d | ||
| 035 | _a(Sirsi) u141898 | ||
| 041 | 0 | _aeng | |
| 050 | 0 | 4 | _a711.1 $2 18 |
| 110 | 1 |
_aUnited Kingdom _bDepartment for Communities and Local Government _94939 |
|
| 245 | 0 | 0 |
_aReview of "call-in" directions _bconsultation _h[electronic resource] |
| 260 |
_aLondon _bDCLG _c2008 |
||
| 520 | _aSets out proposals to move the responsibility to determine most types of planning applications to local authorities. Proposes the withdrawal of all current planning directions in favour of a single direction containing those elements to be retained. Aims to eliminate notification elements which are outmoded or overly restrictive. Aims to call in a minimum of planning applications, to include those conflicting with important national policy. Responses are due by 31 March 2008. | ||
| 521 | 2 | _aAdvanced | |
| 590 | _aKA | ||
| 650 | 2 | 4 | _aPLANNING WHITE PAPER 2007 |
| 650 | 2 | 4 | _aTOWN AND COUNTRY PLANNING (CONSULTATION) (ENGLAND) DIRECTION 2008 |
| 651 | 4 |
_aEngland and Wales _y1543- |
|
| 690 | _aENVIRONMENTAL AND LAND CONSULTANCY-PLANNING AND DEVELOPMENT-PLANNING REFORM | ||
| 856 | 4 | 0 |
_uhttps://www.communities.gov.uk/documents/planningandbuilding/pdf/callindirections.pdf _zView the consultation free of charge at www.communities.gov.uk |
| 942 | _n0 | ||
| 999 |
_c107787 _d107787 |
||